| 000 | 00965nac a22002051u 4500 | ||
|---|---|---|---|
| 008 | 101125t1978 xxu||||| |||| 00| 0 ara d | ||
| 082 |
_a610 _bا س ح |
||
| 245 |
_aالمسائل فى الطب للمتعلمين / _cحنين بن اسحق ؛ تحقيق ودراسة محمد على أبو ريان ، مرسى محمد عرب ، جلال محمد موسى |
||
| 260 |
_aالقاهرة : _bدار الجامعات المصرية ،1978 _c1978. |
||
| 300 |
_a504, 24 ص ؛ _c24 سم. |
||
| 504 | _aيشتمل على ببليوجرافية ص 474-504 | ||
| 511 | _aCatalogued by: Sara | ||
| 650 |
_aالطب _917287 |
||
| 650 |
_aالعلاج _921703 |
||
| 650 |
_aالأمراض ، علم _921704 |
||
| 700 |
_aأبو ريان ، محمد على _921287 _eتحقيق ودراسة |
||
| 700 |
_aعرب ، مرسى محمد _921288 _eتحقيق ودراسة |
||
| 700 |
_aموسى ، جلال محمد _921289 _eتحقيق ودراسة |
||
| 942 |
_cBB _k610 ا س ح _2ddc |
||
| 999 |
_c5923 _d5923 |
||